[Event "SG Büchenbach/Roth e.V. 2-SGem 1882 Fürt"]
[Site "?"]
[Date "2012.12.16"]
[Round "5.4"]
[White "Classen, Anton"]
[Black "Taskin, Kadir"]
[Result "0-1"]
[WhiteElo "1817"]
[BlackElo "1703"]
[PlyCount "111"]
[EventDate "2012.??.??"]
[WhiteTeam "SG Büchenbach/Roth e.V. 2"]
[BlackTeam "SGem 1882 Fürth 1"]

1. e4 e5 2. Nf3 Nc6 3. Bc4 Bc5 4. O-O d6 5. d3 Bg4 6. Bxf7+ Kxf7 7. Ng5+ Qxg5
8. Bxg5 Bxd1 9. Rxd1 Nd4 10. Nd2 Nxc2 11. Rac1 Nd4 12. Re1 Nf6 13. a3 h6 14.
Bh4 g5 15. Bg3 Nh5 16. Nc4 Nxg3 17. hxg3 Ke6 18. Kh2 Raf8 19. f3 h5 20. Rf1 g4
21. f4 exf4 22. gxf4 Ne2 23. f5+ Kf6 24. Rc2 Nd4 25. Rcc1 Nc6 26. b4 Bd4 27. b5
Ne5 28. Na5 Bb6 29. Nc4 Nxc4 30. Rxc4 h4 31. e5+ Kxe5 32. Re4+ Kd5 33. Rxg4 Bd4
34. Kh3 Rh5 35. Rgf4 Bf6 36. Rc4 c5 37. Re4 Be5 38. Kg4 Rh7 39. Kh3 Rg8 40. Rg4
Rxg4 41. Kxg4 Rg7+ 42. Kxh4 Rxg2 43. f6 Rg8 44. f7 Rf8 45. Kg5 Ke6 46. Kg6 Ke7
47. Rf5 Rh8 48. Rf3 Kf8 49. Rf1 Rh3 50. Kf5 Rxd3 51. Ke6 Rxa3 52. Rg1 Rg3 53.
Rf1 Rg6+ 54. Kd7 Rf6 55. Rxf6 Bxf6 56. Kxd6 0-1

[Event "SG Büchenbach/Roth e.V. 2-SGem 1882 Fürt"]
[Site "?"]
[Date "2012.12.16"]
[Round "5.5"]
[White "Schmidt, Friedrich"]
[Black "Classen, Andrej"]
[Result "0-1"]
[WhiteElo "1692"]
[BlackElo "1841"]
[PlyCount "84"]
[EventDate "2012.??.??"]
[WhiteTeam "SGem 1882 Fürth 1"]
[BlackTeam "SG Büchenbach/Roth e.V. 2"]

1. d4 d5 2. c4 e6 3. Nc3 Nf6 4. Bg5 c6 5. e3 Nbd7 6. Bd3 Be7 7. cxd5 exd5 8.
Nge2 O-O 9. O-O Re8 10. Qc2 Nf8 11. f3 Nh5 12. Bxe7 Qxe7 13. e4 Be6 14. Qd2
Rad8 15. g4 Nf6 16. e5 N6d7 17. Kh1 f6 18. exf6 Nxf6 19. Ng3 Qb4 20. a3 Qd6 21.
Rae1 Bc8 22. g5 Rxe1 23. Rxe1 Ne8 24. f4 Nc7 25. f5 c5 26. dxc5 Qxc5 27. f6 g6
28. Re7 Rd7 29. Qe2 Rxe7 30. fxe7 Nfe6 31. Nb5 Qxe7 32. Nxc7 Qxc7 33. Qe3 a6
34. Ne2 Qf7 35. Kg2 Bd7 36. b4 Bc6 37. Kg3 Qc7+ 38. Kh3 Qd6 39. Bb1 d4 40. Qd2
Qd5 41. Ng3 Nxg5+ 42. Kg4 h5+ 0-1

[Event "SG Büchenbach/Roth e.V. 2-SGem 1882 Fürt"]
[Site "?"]
[Date "2012.12.16"]
[Round "5.6"]
[White "Schönberger, Andreas"]
[Black "Sawitzki, Nikolaus"]
[Result "1-0"]
[WhiteElo "1815"]
[BlackElo "1657"]
[PlyCount "89"]
[EventDate "2012.??.??"]
[WhiteTeam "SG Büchenbach/Roth e.V. 2"]
[BlackTeam "SGem 1882 Fürth 1"]

1. e4 e5 2. Nf3 Nc6 3. Bc4 Bc5 4. c3 d6 5. d4 exd4 6. cxd4 Bb4+ 7. Nc3 Bxc3+ 8.
bxc3 h6 9. h3 Nf6 10. Qe2 O-O 11. O-O d5 12. exd5 Nxd5 13. Qc2 Be6 14. Re1 Qf6
15. Ne5 Nxe5 16. Rxe5 c6 17. Ba3 Rfd8 18. Rae1 b5 19. Bd3 a5 20. Bf5 Bxf5 21.
Rxf5 Qg6 22. Ree5 Nf4 23. Qe4 Nxh3+ 24. Kh2 Ng5 25. Qg4 Re8 26. Bc1 Rxe5 27.
Rxe5 f6 28. Re6 h5 29. Qg3 Rc8 30. f4 Qf5 31. Re7 Nf7 32. Qe3 Nh6 33. Re8+ Kh7
34. Qe4 Rxe8 35. Qxe8 Ng4+ 36. Kg1 Qc2 37. Qxh5+ Nh6 38. Ba3 Qxc3 39. Bc5 Qe3+
40. Kh1 Qc1+ 41. Kh2 Qxf4+ 42. Kg1 Qg4 43. Qe8 Qd1+ 44. Kh2 Qh5+ 45. Qxh5 1-0

[Event "SG Büchenbach/Roth e.V. 2-SGem 1882 Fürt"]
[Site "?"]
[Date "2012.12.16"]
[Round "5.7"]
[White "Lober, Wolfgang"]
[Black "Kittsteiner, Peter"]
[Result "0-1"]
[WhiteElo "1631"]
[BlackElo "1832"]
[PlyCount "86"]
[EventDate "2012.??.??"]
[WhiteTeam "SGem 1882 Fürth 1"]
[BlackTeam "SG Büchenbach/Roth e.V. 2"]

1. e4 e5 2. Nf3 Nc6 3. Nc3 Nf6 4. d4 exd4 5. Nxd4 d6 6. Nxc6 bxc6 7. Bd3 Be7 8.
O-O O-O 9. Bg5 h6 10. Bh4 Nd7 11. Bxe7 Qxe7 12. Re1 Ne5 13. Bf1 Rb8 14. b3 Qf6
15. h3 Qh4 16. g3 Qe7 17. f4 Ng6 18. Bg2 Bd7 19. Qd4 c5 20. Qd3 Bc6 21. Nd5 Qd7
22. c4 Rfe8 23. Rad1 Rbd8 24. Qc3 Bxd5 25. exd5 h5 26. Qf3 h4 27. g4 Re7 28.
Qf2 Rde8 29. Rxe7 Qxe7 30. f5 Ne5 31. f6 Qxf6 32. Qxf6 gxf6 33. Kf2 Ng6 34. Bf1
Kg7 35. Rd2 Kh6 36. Kf3 Kg5 37. Kg2 Re3 38. Kf2 Kf4 39. Bg2 Ne5 40. Kf1 Nd3 41.
Kg1 Kg3 42. Bf1 Nf4 43. Rh2 Re1 0-1

[Event "SG Büchenbach/Roth e.V. 2-SGem 1882 Fürt"]
[Site "?"]
[Date "2012.12.16"]
[Round "5.8"]
[White "Müller, Maximilian"]
[Black "Wolkersdorfer, Günther"]
[Result "1/2-1/2"]
[WhiteElo "1797"]
[BlackElo "1703"]
[PlyCount "84"]
[EventDate "2012.??.??"]
[WhiteTeam "SG Büchenbach/Roth e.V. 2"]
[BlackTeam "SGem 1882 Fürth 1"]

1. e4 c5 2. Nf3 e6 3. Nc3 a6 4. d4 cxd4 5. Nxd4 Qc7 6. Bd3 Nf6 7. O-O b5 8. a3
Bb7 9. Nde2 Be7 10. Bf4 d6 11. Ng3 Nbd7 12. Be2 Qc5 13. Be3 Qc7 14. f4 Nc5 15.
Bf3 Rd8 16. Qe2 d5 17. exd5 Nxd5 18. Nxd5 Bxd5 19. Bxd5 Rxd5 20. c4 bxc4 21.
Qxc4 Qb7 22. b4 Nd7 23. Rad1 Nb6 24. Qc2 O-O 25. Rxd5 Nxd5 26. Bd4 Rc8 27. Qb2
Bf6 28. f5 Ne3 29. fxe6 fxe6 30. Rf3 Rc2 31. Qb3 Rc1+ 32. Kf2 Ng4+ 33. Ke2 Qc6
34. Bc5 Qd5 35. Qxd5 exd5 36. h3 Ne5 37. Re3 Rc2+ 38. Kf1 Kf7 39. Nf5 Nc4 40.
Nd6+ Nxd6 41. Bxd6 d4 42. Rd3 Ke6 1/2-1/2

[Event "SK Neumarkt e.V. 1-SG Gunzenhausen/Weiße"]
[Site "?"]
[Date "2012.12.16"]
[Round "5.1"]
[White "Stephan, Eberhard"]
[Black "Mösl, Sebastian"]
[Result "1-0"]
[WhiteElo "1920"]
[BlackElo "1819"]
[PlyCount "67"]
[EventDate "2012.??.??"]
[WhiteTeam "SG Gunzenhausen/Weißenburg 2"]
[BlackTeam "SK Neumarkt e.V. 1"]

1. d4 Nf6 2. c4 g6 3. Nc3 Bg7 4. e4 d6 5. f3 Nc6 6. Be3 a6 7. Qd2 Rb8 8. Bd3 e5
9. Nge2 Bd7 10. d5 Ne7 11. Ng3 O-O 12. h4 h5 13. O-O-O b5 14. cxb5 axb5 15. Bh6
Qc8 16. Bxg7 Kxg7 17. Qg5 Rh8 18. f4 Bg4 19. fxe5 Nh7 20. Qf4 Bxd1 21. Rf1 Rf8
22. Nxd1 Ng8 23. Ne3 Nh6 24. Nef5+ Nxf5 25. exf5 dxe5 26. f6+ Kh8 27. Qh6 Rg8
28. Rf5 gxf5 29. Bxf5 Rg6 30. Bxg6 Qg8 31. Bf5 Rd8 32. Ne4 Rxd5 33. Ng5 Rc5+
34. Kb1 1-0

[Event "SK Neumarkt e.V. 1-SG Gunzenhausen/Weiße"]
[Site "?"]
[Date "2012.12.16"]
[Round "5.2"]
[White "Simon, Martin"]
[Black "Frank, Gerhard"]
[Result "1/2-1/2"]
[WhiteElo "1897"]
[BlackElo "1704"]
[PlyCount "92"]
[EventDate "2012.??.??"]
[WhiteTeam "SK Neumarkt e.V. 1"]
[BlackTeam "SG Gunzenhausen/Weißenburg 2"]

1. e4 c5 2. Nf3 e6 3. d4 cxd4 4. Nxd4 Nf6 5. Bd3 Nc6 6. Nxc6 dxc6 7. O-O e5 8.
Bg5 Be7 9. Nd2 Be6 10. Qe2 O-O 11. Nc4 Qc7 12. Rfd1 Rfd8 13. Bh4 Bg4 14. f3 Be6
15. Kh1 Rd7 16. Bg3 Bxc4 17. Bxc4 Rad8 18. Rxd7 Rxd7 19. Rd1 Rxd1+ 20. Qxd1 Qd6
21. Qxd6 Bxd6 22. Kg1 Kf8 23. Kf1 Nh5 24. Bf2 b6 25. g3 g6 26. Ke2 Ng7 27. Kd3
Ke7 28. c3 Ne6 29. Bxe6 Kxe6 30. a4 Bc7 31. b4 a6 32. Kc4 Kd6 33. Be3 b5+ 34.
Kb3 Ke6 35. c4 f5 36. Bg5 Bd6 37. axb5 axb5 38. c5 Be7 39. Bxe7 Kxe7 40. Kc3
Ke6 41. Kd3 h5 42. Ke3 g5 43. exf5+ Kxf5 44. h3 h4 45. g4+ Ke6 46. Ke4 Kf6
1/2-1/2

[Event "SK Neumarkt e.V. 1-SG Gunzenhausen/Weiße"]
[Site "?"]
[Date "2012.12.16"]
[Round "5.3"]
[White "Strobl, Thomas"]
[Black "Seitner, Ralf"]
[Result "0-1"]
[WhiteElo "1683"]
[BlackElo "1877"]
[PlyCount "106"]
[EventDate "2012.??.??"]
[WhiteTeam "SG Gunzenhausen/Weißenburg 2"]
[BlackTeam "SK Neumarkt e.V. 1"]

1. e4 Nf6 2. e5 Nd5 3. d4 d6 4. c4 Nb6 5. exd6 cxd6 6. Nc3 g6 7. Nf3 Bg7 8. Be3
O-O 9. Be2 Nc6 10. O-O Bg4 11. h3 Bxf3 12. Bxf3 Nxc4 13. Qb3 Nb6 14. Nb5 d5 15.
Rfd1 e6 16. Bf4 Nc4 17. Rac1 a6 18. Nc7 Nxd4 19. Qxb7 Rb8 20. Qa7 Nxf3+ 21.
gxf3 Nxb2 22. Rd2 Qh4 23. Bg3 Qb4 24. Rdc2 Qb7 25. Qe3 Nc4 26. Qe2 Rbc8 27.
Nxe6 fxe6 28. Qxe6+ Kh8 29. Rd1 Nb2 30. Rxc8 Qxc8 31. Qxc8 Rxc8 32. Rxd5 Nc4
33. Rd7 Be5 34. Ra7 Rc6 35. f4 Bf6 36. Kg2 Nd2 37. h4 Nb1 38. h5 gxh5 39. Kh3
Nc3 40. Bh4 Nxa2 41. Bxf6+ Rxf6 42. Kh4 Nb4 43. Kg5 Nd5 44. f5 Kg8 45. Rd7 h6+
46. Kxh5 Rxf5+ 47. Kxh6 Nf4 48. Rd8+ Kf7 49. Rd7+ Kf8 50. Rd8+ Ke7 51. Ra8 a5
52. Kg7 Kd6 53. Ra6+ Kc7 0-1

[Event "SK Neumarkt e.V. 1-SG Gunzenhausen/Weiße"]
[Site "?"]
[Date "2012.12.16"]
[Round "5.4"]
[White "Bothe, Matthias"]
[Black "Sikorsky, Reinhard"]
[Result "0-1"]
[WhiteElo "1876"]
[BlackElo "1663"]
[PlyCount "70"]
[EventDate "2012.??.??"]
[WhiteTeam "SK Neumarkt e.V. 1"]
[BlackTeam "SG Gunzenhausen/Weißenburg 2"]

1. c4 e5 2. g3 Nf6 3. Bg2 d5 4. cxd5 Nxd5 5. Nc3 Nb6 6. Nf3 Nc6 7. O-O Be7 8.
a3 a5 9. e3 O-O 10. d4 exd4 11. exd4 Bf6 12. Be3 Nc4 13. Ne4 Nxe3 14. Nxf6+
Qxf6 15. fxe3 Qh6 16. Qd3 Bh3 17. Bxh3 Qxh3 18. Rac1 Qh6 19. d5 Rad8 20. e4 Ne7
21. Rxc7 Qb6+ 22. Kg2 Qxc7 23. Rd1 Ng6 24. Qd4 Rfe8 25. Rd2 Ne5 26. Nxe5 Qxe5
27. Qxe5 Rxe5 28. Kf3 f5 29. Kf4 Rxe4+ 30. Kxf5 Re7 31. d6 Rf8+ 32. Kg5 Rd7 33.
Rd5 b6 34. b4 axb4 35. axb4 Rf6 0-1

[Event "SK Neumarkt e.V. 1-SG Gunzenhausen/Weiße"]
[Site "?"]
[Date "2012.12.16"]
[Round "5.5"]
[White "Gajewski, Richard"]
[Black "Weber, Winfried"]
[Result "0-1"]
[WhiteElo "1617"]
[BlackElo "1916"]
[PlyCount "92"]
[EventDate "2012.??.??"]
[WhiteTeam "SG Gunzenhausen/Weißenburg 2"]
[BlackTeam "SK Neumarkt e.V. 1"]

1. c4 e6 2. Nc3 Nf6 3. g3 d5 4. cxd5 exd5 5. Bg2 c6 6. e3 Bd6 7. Nge2 O-O 8.
O-O Re8 9. f4 Bf5 10. d3 Bc5 11. d4 Bb6 12. h3 Nbd7 13. g4 Be4 14. Ng3 Bxg2 15.
Kxg2 c5 16. dxc5 Nxc5 17. g5 Nfe4 18. Qxd5 Nxc3 19. Qxd8 Raxd8 20. bxc3 Rd3 21.
c4 Ne4 22. Nxe4 Rxe4 23. Re1 Rxc4 24. Kf3 Rc2 25. Re2 Rdc3 26. Rxc2 Rxc2 27.
Ba3 f5 28. Bd6 Rh2 29. Re1 Rxa2 30. Be5 Ra3 31. h4 g6 32. Kf2 Rd3 33. Bb8 Bc5
34. Re2 a5 35. Be5 a4 36. Rc2 b6 37. Bd4 Bxd4 38. exd4 Rxd4 39. Rb2 Rxf4+ 40.
Ke3 a3 41. Rxb6 Ra4 42. Rb1 Kf7 43. Kd2 a2 44. Ra1 Rxh4 45. Kc3 Ra4 46. Kb3 Ra6
0-1

[Event "SK Neumarkt e.V. 1-SG Gunzenhausen/Weiße"]
[Site "?"]
[Date "2012.12.16"]
[Round "5.6"]
[White "Kipferl, Wolfgang"]
[Black "Horndasch, Lulu"]
[Result "1-0"]
[WhiteElo "1825"]
[BlackElo "1583"]
[PlyCount "53"]
[EventDate "2012.??.??"]
[WhiteTeam "SK Neumarkt e.V. 1"]
[BlackTeam "SG Gunzenhausen/Weißenburg 2"]

1. e4 b6 2. d4 d6 3. c4 e6 4. Nc3 Nd7 5. Be3 Be7 6. Bd3 a6 7. f4 g5 8. Nge2 g4
9. Qd2 Bh4+ 10. g3 Be7 11. h3 gxh3 12. Rxh3 e5 13. O-O-O c6 14. g4 b5 15. Ng3
Nb6 16. f5 bxc4 17. Be2 Bb7 18. g5 Qc7 19. dxe5 O-O-O 20. Qd4 c5 21. exd6 cxd4
22. dxc7 Kxc7 23. Bxd4 Bxg5+ 24. Kc2 f6 25. Bxb6+ Kxb6 26. Rxd8 Kc7 27. Rf8 1-0

[Event "SK Neumarkt e.V. 1-SG Gunzenhausen/Weiße"]
[Site "?"]
[Date "2012.12.16"]
[Round "5.8"]
[White "Niebler, Andreas"]
[Black "Lehn, Alexander"]
[Result "1-0"]
[WhiteElo "1784"]
[BlackElo "1372"]
[PlyCount "71"]
[EventDate "2012.??.??"]
[WhiteTeam "SK Neumarkt e.V. 1"]
[BlackTeam "SG Gunzenhausen/Weißenburg 2"]

1. d4 d5 2. c4 e6 3. Nf3 Nf6 4. Nc3 dxc4 5. e3 Be7 6. Bxc4 O-O 7. O-O Nbd7 8.
Qe2 Nb6 9. Bd3 Bd7 10. Rd1 c6 11. Bd2 Nbd5 12. e4 Nxc3 13. bxc3 h6 14. Ne5 Nh7
15. Qh5 Be8 16. Qg4 Bg5 17. f4 Bf6 18. Nc4 b5 19. Ne3 c5 20. e5 Be7 21. Qf3
cxd4 22. cxd4 Rc8 23. d5 exd5 24. Nxd5 Bc5+ 25. Kh1 Bc6 26. Be4 Bxd5 27. Bxd5
Qb6 28. Rab1 Rfd8 29. Qb3 Rc7 30. Be1 a6 31. a4 Rcd7 32. e6 Rxd5 33. exf7+ Kxf7
34. Rxd5 Rxd5 35. Qxd5+ Kf8 36. Rc1 1-0